00486 2200193 4500001002100000005001500021035002000036008004100056245005400097100001800151250000600169260004600175300001100221084001400232082000800246650001400254990001200268990001200280INLIS00000000000047820240430112226 a0010-0424000454240430 0 ind 1 aMeraih Untung Dengan Ayam Kampung /cRyan Masanto aMasanto, Ryan a1 aYogyakarta :bPT. Citra Aji Parama,c2015 a60 hlm a600 RYA m a600 4aNon Fiksi a0728538 a0728539